| 000 | 004560000a22001090004500 | ||
|---|---|---|---|
| 100 | 1 | _aRestrepo Ángel, Rodrigo | |
| 245 | 1 | 0 | _aLo real ha muerto |
| 300 | _aVol.0, núm.0 (Abril, 2007), Página 38 | ||
| 520 | _aEl 6 de marzo falleció Jean Baudrillard, el filósofo que fue protagonista y testigo de excepción de mayo del 68 y que inspiró con su ficción teórica la idea de The Matrix. | ||
| 773 | 0 | _tArcadia / Andrés Felipe Solano, Editor | |
| 942 | _cANA | ||
| 999 |
_c62087 _d62087 |
||